|
|
|
|
| LEADER |
02642cam a2200301 i 4500 |
| 001 |
21892629 |
| 003 |
GR-PaULI |
| 005 |
20250318093849.0 |
| 008 |
210204s2021 nyuab 001 0 eng |
| 020 |
|
|
|a 9780198868248
|q σκληρόδετο
|
| 040 |
|
|
|a DLC
|b gre
|e AACR2
|c GR-PaULI
|d GR-PaULI
|
| 041 |
1 |
|
|a eng
|h grc
|
| 082 |
|
0 |
|2 23
|a 884/.01
|
| 100 |
0 |
|
|a Λουκιανός ο Σαμοσατεύς,
|d π. 120-π. 190
|e συγγραφέας
|9 34248
|
| 240 |
1 |
0 |
|a Αλέξανδρος.
|l Αγγλικά
|
| 245 |
1 |
0 |
|a Alexander, or the false prophet /
|c Lucian ; translated with introduction and commentary by Peter Thonemann.
|
| 260 |
|
|
|a New York :
|b Oxford University Press,
|c 2021.
|
| 300 |
|
|
|a xii, 234 σ. :
|b εικ., χάρτες ;
|c 23 εκ.
|
| 490 |
0 |
|
|a Clarendon ancient history series
|
| 504 |
|
|
|a Περιλαμβάνει βιβλιογραφικές παραπομπές (σ. 209-227) και ευρετήριο.
|
| 520 |
|
|
|a "Lucian's Alexander Or The False Prophet is a satiric biography of the religious entrepreneur and career fraudster Alexander of Abonouteichos. It recounts how, during the reign of Antoninus Pius (AD 138-161), Alexander succeeded in setting up a fraudulent new oracular cult of the snake-god Glykon in his home-town of Abonouteichos in Paphlagonia. In the Alexander, Lucian sets out to debunk the oracle as a scam, its founder as a debauched crook, and its clients as gullible idiots. The Alexander is an extraordinary and unclassifiable work: part biography, part invective, part Epicurean critique of divination. It casts a uniquely vivid light on social mores and religious beliefs in the Antonine age, and was a major influence on Erasmus, Ben Jonson, and Henry Fielding. The present volume is the first full-length treatment of the Alexander in English, and includes an extended historical and literary introduction, a new English translation, and a detailed commentary on the text. The volume also includes a translation of the surviving fragments of Oinomaos of Gadara's The Exposure of Sorcerers, a contemporary Cynic attack on oracular divination. All Greek is translated throughout".
|
| 600 |
0 |
4 |
|a Αλέξανδρος Αβωνοτειχίτης
|9 208976
|
| 650 |
|
4 |
|a Σάτιρα, Ελληνική
|9 6807
|
| 700 |
1 |
|
|a Thonemann, Peter,
|d 1978-
|e μεταφραστής
|9 176371
|
| 942 |
|
|
|2 ddc
|c BK
|
| 952 |
|
|
|0 0
|1 0
|2 ddc
|4 0
|6 884_010000000000000_ΛΟΥ
|7 0
|9 388663
|a LISP
|b LISP
|c BSC
|d 2025-03-18
|i 370274
|l 0
|o 884.01 ΛΟΥ
|p 025000314205
|r 2025-03-18 09:38:30
|t 1
|w 2025-03-18
|y BK15
|x Προσκτήσεις Τμήματος Φιλολογίας
|
| 998 |
|
|
|c ΓΚΟΓΚΟΥ
|d 2025-03
|
| 999 |
|
|
|c 225473
|d 225473
|